Statistiques concernant Les différents types de cartes au TTMC

Cliquez ici pour prendre le quiz!

Statistiques générales

  • Ce quiz a été pris 15 fois
  • Le résultat moyen est 6 sur 9

Statistiques - réponses

HintRéponse% Correct
Catégorie de questionsMature
100%
Catégorie de questionsScolaire
100%
Catégorie de questionsImprobable
92%
Catégorie de questionsPlaisir
92%
SpécialChallenge
85%
SpécialÇa va pas du tout
62%
SpécialC'est superbe
54%
SpécialHésite pas à débuter
31%
SpécialHésite pas à gagner
31%

Distribution des résultats

Percentile par nombre de réponses

% des personnes avec chaque résultat

Votre développement - résultats

Vous n’avez pas pris ce quiz